000 00554nam a22001697a 4500
999 _c61041
_d61041
005 20231211165455.0
008 231211s1941 ru ||||| |||| 00| 0 rus d
041 _arus
080 _a821.14'02 П-40
100 _aПлутарх
_920510
245 _aИзбранные биографии /
_cПлутарх.
264 _aМ.-Л.
_bСОЦЭКГИЗ,
_c1941.
300 _a490 с.;
_b27 см.
653 _aანტიკური ეპოქის ისტორია
653 _aბიოგრაფიები
942 _2udc
_cᲬᲘᲒᲜᲘ